00543cam a2200181ua 4500001000400000008003900004040000900043245004200052250000900094260003600103300001400139653002200153653002000175700003400195942000700229999001300236952011200249469110406n ii |||gr||||Z||||||eng cMAIN1 aHarold J. laskicby Ram Chandra Gupta a1st. aAgra:bRam prasad and sons,966. e324.2092. aPolitical science aHarold J. Laski aGupta, Ram Chandra.,eAuthor. cBK c411d411 00104070aMAINbMAINcGEN | 2d2020-09-19l0o324.2092 | GUPp238r2020-09-19 00:00:00t1w2020-09-19yBK